Statistics for Top 5 countries with the most stars on their flag by continent

Click here to take the quiz!

General Stats

  • This quiz has been taken 7 times
  • The average score is 22 of 31

Answer Stats

No. of starsCountry% Correct
6Australia
100%
27Brazil
100%
1Chile
100%
1Suriname
100%
9Tuvalu
100%
50USA
100%
8Venezuela
100%
5China
83%
10Dominica
83%
5Honduras
83%
2Panama
83%
5Papua New Guinea
83%
1Paraguay
83%
2St Kitts and Nevis
83%
12Uzbekistan
83%
9Bosnia and Herzegovina
67%
7Grenada
67%
1Moldova
67%
5Samoa
67%
5Solomon islands
67%
5Turkmenistan
67%
10Cape Verde
50%
25Portugal
50%
2Sao Tome and Principe
50%
5Singapore
50%
7Tajikistan
50%
3Burundi
33%
6Equatorial guinea
33%
6Kosovo
33%
3Slovenia
33%
4Comoros
17%

Score Distribution

Percentile by Number Answered

Percent of People with Each Score

Your Score History

You have not taken this quiz